Kriminologie
| Otros Autores: | ; |
|---|---|
| Tipo de documento: | Print Libro |
| Lenguaje: | Alemán |
| Publicado: |
München
Beck
1997
|
| En: | Año: 1997 |
| Edición: | 5., vollst. neubearb. und erw. Aufl. des von Hans Göppinger begr. und bis zur 4. Aufl. fortgef. Werkes |
| Acceso en línea: |
Índice Índice |
| Disponibilidad en Tübingen: | Disponible en Tübingen. IFK: A I 139 |
| Verificar disponibilidad: | HBZ Gateway |
| Servicio de pedido Subito: | Pedir ahora. |
| Palabras clave: |
MARC
| LEADER | 00000cam a2200000 c 4500 | ||
|---|---|---|---|
| 001 | 216422736 | ||
| 003 | DE-627 | ||
| 005 | 20260206195741.0 | ||
| 007 | tu | ||
| 008 | 961016s1997 gw ||||| 00| ||ger c | ||
| 015 | |a 96,N43,0225 |2 dnb | ||
| 015 | |a 97,A15,0633 |2 dnb | ||
| 016 | 7 | |a 948643498 |2 DE-101 | |
| 020 | |a 3406373267 |9 3-406-37326-7 | ||
| 035 | |a (DE-627)216422736 | ||
| 035 | |a (DE-603)051168596 | ||
| 035 | |a (DE-576)054426928 | ||
| 035 | |a (DE-599)DNB948643498 | ||
| 035 | |a (OCoLC)231685814 | ||
| 035 | |a (OCoLC)36632923 | ||
| 035 | |a (DE-604)8110013956 | ||
| 040 | |a DE-627 |b ger |c DE-627 |e rakwb | ||
| 041 | |a ger | ||
| 044 | |c XA-DE | ||
| 050 | 0 | |a HV6025.G4 | |
| 082 | 0 | |a 364 | |
| 082 | 0 | 4 | |a 360 |
| 084 | |a 19 |2 sdnb | ||
| 084 | |a PH 8030 |2 rvk |0 (DE-625)rvk/136484: | ||
| 084 | |a 86.41 |2 bkl | ||
| 245 | 0 | 0 | |a Kriminologie |c begr. von Hans Göppinger. Bearb. von Michael Bock ... |
| 246 | 3 | 3 | |a Kriminologie |
| 250 | |a 5., vollst. neubearb. und erw. Aufl. des von Hans Göppinger begr. und bis zur 4. Aufl. fortgef. Werkes | ||
| 264 | 1 | |a München |b Beck |c 1997 | |
| 300 | |a XXXVII, 939 S. |b graph. Darst. |c 25 cm | ||
| 336 | |a Text |b txt |2 rdacontent | ||
| 337 | |a ohne Hilfsmittel zu benutzen |b n |2 rdamedia | ||
| 338 | |a Band |b nc |2 rdacarrier | ||
| 500 | |a Literaturverzeichnis Seite [819]-909 | ||
| 505 | 8 | |a Literaturverz. S. [819] - 909 | |
| 650 | 0 | 7 | |0 (DE-588)4033197-0 |0 (DE-627)106258532 |0 (DE-576)209000562 |a Kriminologie |2 gnd |
| 653 | 0 | |a a |a Criminology | |
| 655 | 7 | |a Lehrbuch |0 (DE-588)4123623-3 |0 (DE-627)104270187 |0 (DE-576)209561262 |2 gnd-content | |
| 689 | 0 | 0 | |d s |0 (DE-588)4033197-0 |0 (DE-627)106258532 |0 (DE-576)209000562 |a Kriminologie |2 gnd |
| 689 | 0 | |5 DE-101 | |
| 700 | 1 | |a Göppinger, Hans |d 1919-1996 |0 (DE-588)118855042 |0 (DE-627)079630804 |0 (DE-576)161140394 |4 oth | |
| 700 | 1 | |a Bock, Michael |0 (DE-588)1156816181 |0 (DE-627)1019784547 |0 (DE-576)502462701 |4 oth | |
| 856 | 4 | 2 | |u http://www.gbv.de/dms/hebis-mainz/toc/051168596.pdf |m V:DE-603 |m B:DE-77 |q pdf/application |x Verlag |y Inhaltsverzeichnis |3 Inhaltsverzeichnis |7 1 |
| 856 | 4 | 2 | |u http://scans.hebis.de/HEBCGI/show.pl?05116859_toc.pdf |m V:DE-603;B:DE-77 |q application/pdf |3 Inhaltsverzeichnis |7 1 |
| 889 | |w (DE-627)248833847 | ||
| 935 | |i Blocktest | ||
| 936 | r | v | |a PH 8030 |b Handbücher, Lehrbücher, Gesamtdarstellungen etc. zur gesamten Kriminologie und deren Einzelgebieten |k Rechtswissenschaft |k Strafrecht, Strafverfahrensrecht, Kriminologie |k Kriminologie |k Allgemeines |k Handbücher, Lehrbücher, Gesamtdarstellungen etc. zur gesamten Kriminologie und deren Einzelgebieten |0 (DE-627)1271948230 |0 (DE-625)rvk/136484: |0 (DE-576)201948230 |
| 936 | b | k | |a 86.41 |j Kriminologie |0 (DE-627)181572001 |
| 936 | s | n | |a p100 |2 mzub |
| 936 | s | n | |a m200 |2 mzub |
| 951 | |a BO | ||
| ELC | |b 1 | ||
| LOK | |0 000 xxxxxcx a22 zn 4500 | ||
| LOK | |0 001 3144249610 | ||
| LOK | |0 003 DE-627 | ||
| LOK | |0 004 216422736 | ||
| LOK | |0 005 20080114153906 | ||
| LOK | |0 008 080114||||||||||||||||ger||||||| | ||
| LOK | |0 040 |a DE-21-110 |c DE-627 |d DE-21-110 | ||
| LOK | |0 689 |a s |a Kriminologie | ||
| LOK | |0 689 |a f |a Lehrbuch | ||
| LOK | |0 852 |a DE-21-110 | ||
| LOK | |0 852 1 |c A I 139 |m p |9 00 | ||
| LOK | |0 936ln |a 1.4 | ||
| LOK | |0 938 |k p | ||
| LOK | |0 939 |a 14-01-08 |b l01 | ||
| ORI | |a SA-MARC-krimdoka001.raw | ||
| SIG | |a IFK: A I 139 | ||
